| 000 | 00479nam a2200181 a 4500 | ||
|---|---|---|---|
| 005 | 20210219154506.0 | ||
| 008 | 030620s2000 mx r 000 0 spa d | ||
| 020 | _a9682910293 | ||
| 035 | _aUPN01000126423 | ||
| 049 | _aSEP | ||
| 050 | 4 |
_aHD8111 _bB5.3 |
|
| 100 | 1 |
_aBizberg Guter, Ilán, _d1949- |
|
| 245 | 1 | 3 |
_aLa clase obrera mexicana / _cIlán Bizberg. |
| 260 |
_aMéxico : _bSEP : _bCONAFE, _c2000. |
||
| 300 |
_a215 p. : _bcuadros |
||
| 440 | 0 | _aForo 2000 | |
| 905 | _aLibro | ||
| 999 |
_c98602 _d98602 |
||